Điện tử và quang hình học : Dành cho học sinh ôn thi tốt nghiệp THPT và luyện thi vào Đại học, Cao đẳng

Trình bày kiến thức lí thuyết cơ bản, các dạng bài tập cơ bản, bài tập tự luận, bài tập trắc nghiệm và cách hướng dẫn giải bài tập về điện học, điện từ và quang hình học

Tallennettuna:
Bibliografiset tiedot
Päätekijä: Vũ, Văn Hùng
Aineistotyyppi: Kirja
Kieli:Undetermined
Julkaistu: Hà Nội Giáo dục 2009
Aiheet:
Tagit: Lisää tagi
Ei tageja, Lisää ensimmäinen tagi!
Thư viện lưu trữ: Trung tâm Học liệu Trường Đại học Cần Thơ
LEADER 00995nam a2200217Ia 4500
001 CTU_207612
008 210402s9999 xx 000 0 und d
020 |c 29500 
082 |a 537.0712 
082 |b H513 
100 |a Vũ, Văn Hùng 
245 0 |a Điện tử và quang hình học : 
245 0 |b Dành cho học sinh ôn thi tốt nghiệp THPT và luyện thi vào Đại học, Cao đẳng 
245 0 |c Vũ Văn Hùng (Chủ biên), Vũ Thanh Khiết 
260 |a Hà Nội 
260 |b Giáo dục 
260 |c 2009 
520 |a Trình bày kiến thức lí thuyết cơ bản, các dạng bài tập cơ bản, bài tập tự luận, bài tập trắc nghiệm và cách hướng dẫn giải bài tập về điện học, điện từ và quang hình học 
650 |a Electromagnetics,Điện từ 
904 |i Tuyến 
980 |a Trung tâm Học liệu Trường Đại học Cần Thơ